Bez efektívnych investícií sa na Slovensku nemožno priblížiť západnému štandardu

Je nevyhnutné reštrukturalizovať hmotný investičný majetok slovenských podnikov v niekoľkých krokoch: posúdenie východiskovej úrovne aktív a pasív podniku, rozhodnutie o forme obnovy a modernizácie hmotného investičného majetku, rozhodnutie o vecnom investovaní, rozhodnutie o forme financovania, kva...

Descripción completa

Guardado en:
Detalles Bibliográficos
Autor principal: Chotár, R.
Formato: Capítulo de libro
Lenguaje:eslovaco
Materias:
Etiquetas: Agregar Etiqueta
Sin Etiquetas, Sea el primero en etiquetar este registro!

MARC

LEADER 00000naa a2200000 4500
001 r021319
005 20230921074118.2
041 0 |a slo 
044 |a SK 
245 1 0 |a Bez efektívnych investícií sa na Slovensku nemožno priblížiť západnému štandardu  |c R. Chotár 
520 |a Je nevyhnutné reštrukturalizovať hmotný investičný majetok slovenských podnikov v niekoľkých krokoch: posúdenie východiskovej úrovne aktív a pasív podniku, rozhodnutie o forme obnovy a modernizácie hmotného investičného majetku, rozhodnutie o vecnom investovaní, rozhodnutie o forme financovania, kvantifikovanie vplyvu týchto rozhodnutí na objem, štruktúru a efektívnosť aktív a pasív. Schéma rozhodovacieho procesu pri investovaní do hmotného investičného majetku. 
610 2 0 |a Slovensko 
610 2 0 |a investície 
610 2 0 |a podnik 
610 2 0 |a majetok investičný 
610 2 0 |a majetok hmotný 
100 1 |a Chotár, R.